Turismo y empleo en Cahuita y Puerto Viejo. Una aproximación a formas de precarización laboral /

La investigación que se presenta en estas páginas se dirige a comprender la realidad socioterritorial de Cahuita y Puerto Viejo de Limon, y trata de una aproximación a formas de precarización laboral generadas por el empresario turístico. En concreto las preguntas que se quieren responmder son: ¿Cuá...

תיאור מלא

שמור ב:
מידע ביבליוגרפי
מחבר ראשי: Herradora, Michael
מחברים אחרים: Molina, Eugenia, Nuñez, Edgar
פורמט: Texto
נושאים:
תגים: הוספת תג
אין תגיות, היה/י הראשונ/ה לתייג את הרשומה!

MARC

LEADER 00000 a a2200000 04500
001 43453
003
040
100 |a Herradora, Michael  
245 |a Turismo y empleo en Cahuita y Puerto Viejo. Una aproximación a formas de precarización laboral /  |c Michael Herradora, Eugenia Molina y Edgar Núñez  
520 |a La investigación que se presenta en estas páginas se dirige a comprender la realidad socioterritorial de Cahuita y Puerto Viejo de Limon, y trata de una aproximación a formas de precarización laboral generadas por el empresario turístico. En concreto las preguntas que se quieren responmder son: ¿Cuáles son los factores que afectan la calidad del empleo en el turismo?, ¿Cuáles son los condicionantes de la fuerza de trabajo que inciden en el empleo?, ¿Se puede hablar de precarización del empleo en la actividad turistica?; en ese caso ¿cómo se afecta según edades y sexo, a los trabajadores del turismo?. Para intentar dar respuesta a dichas preguntas el actual estudio se divide en tres apartados: en el primero se presentan algunos elementos teóricos y prácticos para comprender la importancia de la temáticade la precarizacón laboral. En el segundo se contextualiza el universo de estudio, haciéndose un perfil del mercado laboral turístico de las localidades. El tercer apartado comprende acercamientos analíticos estadísticos y cualitativos a la cuestión de la precarización laboral en el turismo en Cahuita y Puerto Viejo. Por último, se presentan las conclusiones de la investigación.  
650 |a TRABAJADORES SECTOR TERCIARIO  
650 |a TRABAJO MARGINAL  
650 |a CONDICIONES DE TRABAJO  
650 |a RELACIONES LABORALES  
650 |a ESTRUCTURA DEL EMPLEO  
650 |a TURISMO  
650 |a CALIDAD DE VIDA  
650 |a ANALISIS DEL EMPLEO  
650 |a DESARROLLO ECONOMICO Y SOCIAL  
650 |a PRECARISTAS  
700 |a Molina, Eugenia 
700 |a Nuñez, Edgar  
773 |g páginas 221-256  
999 |c 31354  |d 31354